| 000 | 00359nam a2200121Ia 4500 | ||
|---|---|---|---|
| 008 | 170224s9999 xx 000 0 und d | ||
| 245 | 2 | _aA Computer Search Algorithm for Optimum Free Distance Binary Convolutional Codes | |
| 260 | _bPhilippine Computing Journal | ||
| 260 | _c2012 | ||
| 300 | _aVII:2 | ||
| 500 | _aDecember | ||
| 650 | _xInformation Technology | ||
| 999 |
_c315737 _d315737 |
||